000 01189nam a2200229Ia 4500
001 470
003 GE_BSU
008 181216s||||||||xx |||||||||||||| ||und||
020 _a9789941029417
040 _cGE_BSU
080 _a32+338+008(479.22)(063)
245 _aსამხრეთ კავკასია. რეგიონული თანამშრომლობის პრობლემები და პერსპექტივები
245 _bსამეცნიერო კონფერენცია. ბათუმი, 16 ნოემბერი 2010 წელი. ბათუმის შოთა რუსთაველის სახ. უნ-ტი. ილიას უნ-ტის პოლიტოლოგიის ინსტიტუტი
260 _aთბილისი
260 _c2010
300 _a67 გვ.
541 _h3 ლ.
653 _aსამხრეთ კავკასიის ეკონომიკა
653 _aსამხრეთ კავკასიის ისტორია
653 _aსამხრეთ კავკასიის პოლიტიკა
942 _cBK
999 _c34685
_d34685